La Liberación de la mujer: patriarcado y capitalismo

Na minha lista:
Detalhes bibliográficos
Autor principal: Hamilton, Roberta
Formato: Texto
Publicado em: Barcelona: Penísula
Tags: Adicionar Tag
Sem tags, seja o primeiro a adicionar uma tag!

MARC

LEADER 00000 a a2200000 04500
001 22575
003
040
020 |a 84-279-1568-1  
090 |a 154600  
100 |a Hamilton, Roberta  
245 |a La Liberación de la mujer: patriarcado y capitalismo  
260 |a Barcelona:   |b Penísula  
300 |a 155 p; n. 22  
999 |c 16123  |d 16123